LEADER 01324nam1-2200385---450- 001 990001101360203316 005 20030409165557.0 035 $a000110136 035 $aUSA01000110136 035 $a(ALEPH)000110136USA01 035 $a000110136 100 $a20021114d2000----km-y0enga50------ba 101 0 $ager$agre 102 $aDE 105 $ay|||z|||001yy 200 1 $aDie gotische Bibel$fherausgegeben von Wilhelm StreitbergStreitberg 210 $aHeildelberg$cC. Winter$d2000 215 $av.$d20 cm 225 2 $aGermanistische Bibliothek 410 0$12001$aGermanistische Bibliothek 463 \1$1001990001141380203316$12001 $a<<1.:>> <> gotische Text und seine griechische Vorlage$emit Einleitung, lesarten und Quellennachweisen sowie den kleineren Denkmälern als Anhang 463 \1$1001990001141390203316$12001 $a<<2.:>> Gotisch-Griechisch-Deutsches W örterbuch 606 0 $aBibbia. Nuovo Testamento$xTesto gotico 676 $a225 702 1$aSTREITBERG,$bWilhelm 801 0$aIT$bSalbc$cISBD 912 $a990001101360203316 951 $aII FG A 2 959 $aBK 969 $aUMA 979 $aMARIA$b10$c20021114$lUSA01$h1203 979 $aCHIARA$b90$c20030409$lUSA01$h1655 979 $aPATRY$b90$c20040406$lUSA01$h1716 996 $aGotische Bibel$9174211 997 $aUNISA LEADER 01110nam--2200385---450 001 990003308280203316 005 20181121123039.0 010 $a978-88-6030-350-9 035 $a000330828 035 $aUSA01000330828 035 $a(ALEPH)000330828USA01 035 $a000330828 100 $a20090909d2010----km-y0itay50------ba 101 0 $aita 102 $aIT 105 $ay|||||||001yy 200 1 $a<> viaggi dei filosofi$fa cura di Maria Bettetini e Stefano Poggi 210 $aMilano$cCortina$d2010 215 $aXIII, 239 p.$d22 cm 606 0 $aFilosofi$2BNCF 676 $a109.2 702 1$aBETTETINI,$bMaria 702 1$aPOGGI,$bStefano$f<1947- > 801 0$aIT$bsalbc$gISBD 912 $a990003308280203316 951 $aII.1.C. 2072$b233695 L.M.$cII.1.$d00268129 951 $aXV.15. 21$b266141 L.M.$cXV.14.$d425029 959 $aBK 969 $aUMA 969 $aFCACCIA 979 $aDSLL$b90$c20090909$lUSA01$h1246 979 $aDSLL$b90$c20090910$lUSA01$h0954 979 $aANNAMARIA$b90$c20111111$lUSA01$h1117 996 $aViaggi dei filosofi$9104790 997 $aUNISA